2026 Formula 2 Drivers - Statistics

General Stats
  • This quiz has been taken 36 times
  • The average score is 17 of 22
Answer Stats
Team Country Answer % Correct
DAMS Lucas Oil SWE Dino Beganovic
94%
ART Grand Prix IND Kush Maini
94%
Invicta Racing BRA Rafael Câmara
94%
Hitech JAP Ritomo Miyata
94%
DAMS Lucas Oil POL Roman Bilinski
94%
Rodin Motorsport IRE Alex Dunne
88%
MP Motorsport ITA Gabriele Minì
88%
Invicta Racing PAR Joshua Dürksen
88%
Campos Racing BUL Nikola Tsolov
88%
Prema Racing COL Sebastián Montoya
88%
Prema Racing SPA Mari Boya
82%
MP Motorsport GER Oliver Goethe
82%
Hitech USA Colton Herta
76%
Rodin Motorsport NOR Martinius Stenshorne
76%
Campos Racing MEX Noel León
76%
Van Amersfoort Racing MEX Rafael Villagómez
71%
AIX Racing BRA Emerson Fittipaldi Jr
65%
AIX Racing GBR Cian Shields
59%
ART Grand Prix THA Tasanapol Inthraphuvasak
59%
Van Amersfoort Racing ARG Nicolás Varrone
53%
Trident GBR John Bennett
47%
Trident NET Laurens van Hoepen
47%
No matching quizzes found
Score Distribution
Percent of People with Each Score
Percentile by Number Answered
Your Score History
You have not taken this quiz